Every NBA All-Defensive First Team - Statistics

General Stats
  • This quiz has been taken 2,520 times
    1,276 since last reset
  • The average score is 37 of 94
Answer Stats
Player % Correct
Michael Jordan
91%
DeAndre Jordan
89%
LeBron James
88%
Rudy Gobert
84%
Kobe Bryant
78%
Hakeem Olajuwon
77%
Dennis Rodman
75%
Chris Paul
73%
Giannis Antetokounmpo
73%
Scottie Pippen
73%
Tim Duncan
73%
Kawhi Leonard
71%
Draymond Green
70%
David Robinson
69%
Marcus Smart
69%
Kareem Abdul-Jabbar
67%
Gary Payton
65%
Jaren Jackson Jr.
65%
Ben Wallace
64%
Bill Russell
64%
Dwight Howard
64%
Wilt Chamberlain
64%
Gerald Wallace
63%
Kevin Garnett
63%
Karl Malone
62%
Moses Malone
62%
Anthony Davis
61%
Jerry West
61%
Jrue Holiday
61%
Dennis Johnson
58%
Gus Johnson
58%
Jason Kidd
58%
Victor Wembanyama
58%
Dikembe Mutombo
57%
Tony Allen
53%
Joakim Noah
49%
Bobby Jones
48%
Caldwell Jones
48%
Alvin Robertson
45%
Paul George
45%
Kevin McHale
44%
Buck Williams
43%
Alonzo Mourning
41%
Tyson Chandler
40%
Sidney Moncrief
38%
Bill Walton
37%
Metta World Peace
36%
Rajon Rondo
36%
Alex Caruso
35%
Joe Dumars
35%
John Havlicek
34%
Mark Eaton
34%
Marcus Camby
33%
Brook Lopez
32%
Evan Mobley
32%
Willis Reed
31%
Michael Cooper
29%
Walt Frazier
28%
Dave Cowens
27%
Ben Simmons
26%
Bruce Bowen
25%
Serge Ibaka
24%
Andre Iguodala
21%
Nate Thurmond
20%
Maurice Cheeks
19%
Patrick Beverley
19%
Avery Bradley
18%
Mikal Bridges
17%
Dave Debusschere
15%
Charles Oakley
14%
Andrei Kirilenko
13%
Maurice Lucas
13%
Raja Bell
12%
Tree Rollins
12%
Victor Oladipo
12%
Mookie Blaylock
11%
Eric Bledsoe
10%
Michael Ray Richardson
10%
Larry Nance
9%
Paul Silas
8%
Doug Christie
7%
Norm Van Lier
7%
Bob Dandridge
6%
Jerry Sloan
6%
Robert Covington
6%
Don Buse
5%
E. C. Coleman
5%
Danny Roundfield
4%
Herb Jones
4%
Larry Hughes
4%
Lionel Hollins
3%
Paul Pressey
3%
Slick Watts
3%
Rodney McCray
2%
No matching quizzes found
Score Distribution
Percent of People with Each Score
Percentile by Number Answered
Your Score History
You have not taken this quiz since the last reset